[Event "2017 Alberta Open"]
[Site "?"]
[Date "2017.10.07"]
[Round "2"]
[White "Matras-Clement, Agnieszka"]
[Black "Briones, Dante"]
[Result "1-0"]
[WhiteElo "2308"]
[BlackElo "2017"]
[PlyCount "71"]
[SourceDate "2017.09.01"]

1. e4 e6 2. d4 d5 3. Nd2 c5 4. exd5 Qxd5 5. Ngf3 cxd4 6. Bc4 Qa5 7. O-O Nf6 8.
Nb3 Qc7 9. Qe2 Nc6 10. Nbxd4 Nxd4 11. Nxd4 a6 12. Bg5 Be7 13. c3 O-O 14. Rfe1
Re8 15. Bb3 Bd7 16. Rad1 e5 17. Nc2 e4 18. Bxf6 Bxf6 19. Ne3 Be5 20. h3 Rad8
21. Nd5 Qc5 22. Qh5 Qf8 23. Nb6 g6 24. Qg5 Bf5 25. Rxd8 Rxd8 26. g4 h6 27. Qe3
Rd3 28. Qe2 Rxh3 29. Nc4 Bf4 30. Bc2 Bb8 31. Bxe4 h5 32. gxf5 gxf5 33. Bg2 Rh4
34. Ne5 Qg7 35. Kf1 Ba7 36. Qf3 {unreadable} 1-0

[Event "2017 Alberta Open"]
[Site "?"]
[Date "2017.10.07"]
[Round "2"]
[White "Bertrand, Daryl"]
[Black "Srinivasan, Hemant"]
[Result "1-0"]
[WhiteElo "2034"]
[BlackElo "1085"]
[PlyCount "49"]
[SourceDate "2017.09.01"]

1. e4 c5 2. d4 cxd4 3. c3 dxc3 4. Nxc3 g6 5. Bc4 Bg7 6. Nf3 Qc7 7. Qb3 e6 8.
Nb5 Qb6 9. Be3 Qa5+ 10. Bd2 Qb6 11. O-O Ne7 12. Be3 Qd8 13. Nd6+ Kf8 14. Rfd1
Nbc6 15. Nxf7 Kxf7 16. Ng5+ Ke8 17. Bxe6 dxe6 18. Rxd8+ Nxd8 19. Rd1 h6 20.
Rxd8+ Kxd8 21. Nf7+ Ke8 22. Nxh8 Bxh8 23. Bxh6 b6 24. Bg5 Bb7 25. Qxe6 1-0

[Event "2017 Alberta Open"]
[Site "?"]
[Date "2017.10.07"]
[Round "2"]
[White "Chandra, Anand Rishi"]
[Black "Offengenden, Ron"]
[Result "1-0"]
[WhiteElo "1808"]
[BlackElo "1634"]
[PlyCount "57"]
[SourceDate "2017.09.01"]

1. e4 e5 2. Nf3 Nc6 3. Bc4 Bc5 4. c3 Nf6 5. d3 h6 6. O-O O-O 7. Re1 d6 8. d4
exd4 9. cxd4 Bb4 10. Bd2 Bxd2 11. Qxd2 Re8 12. Nc3 Bg4 13. Bb3 Bxf3 14. gxf3
Nh7 15. Qd3 Qg5+ 16. Kh1 Qh5 17. Rg1 Ng5 18. Rg3 Nb4 19. Qe3 Rad8 20. Rag1 d5
21. e5 f6 22. f4 Ne6 23. exf6 Ng5 24. Bd1 Rxe3 25. Bxh5 Rxg3 26. Rxg3 Ne6 27.
f5 Nxd4 28. Rxg7+ Kh8 29. Bg6 1-0

[Event "2017 Alberta Open"]
[Site "?"]
[Date "2017.10.07"]
[Round "2"]
[White "Koperski, Dustin"]
[Black "Findlay, Ian"]
[Result "0-1"]
[WhiteElo "1886"]
[BlackElo "2220"]
[PlyCount "76"]
[SourceDate "2017.09.01"]

1. e4 c5 2. d4 cxd4 3. c3 d5 4. exd5 Qxd5 5. Nf3 Nc6 6. cxd4 e6 7. Nc3 Qd6 8.
Bb5 Bd7 9. O-O Nf6 10. h3 Be7 11. Be3 O-O 12. Rc1 a6 13. Ba4 b5 14. Bc2 Nb4 15.
Bb1 Bc6 16. a3 Nbd5 17. Nxd5 Bxd5 18. Qe2 Rfd8 19. Rc2 Bc4 20. Rxc4 bxc4 21.
Qxc4 Qd5 22. Qd3 Qb5 23. Qd2 a5 24. Rc1 Rdc8 25. Rxc8+ Rxc8 26. Bd3 Qb3 27. Ne5
Nd5 28. Qxa5 Nxe3 29. fxe3 Qxb2 30. Qa6 Rc1+ 31. Kh2 Qxa3 32. Qb7 Qd6 33. Qa8+
Qd8 34. Qe4 g6 35. Qf3 Bf6 36. Nc6 Qc7+ 37. g3 Qxc6 38. Be4 Qc3 0-1

[Event "2017 Alberta Open"]
[Site "?"]
[Date "2017.10.07"]
[Round "2"]
[White "Thiel, Rodney"]
[Black "Haessel, Dale"]
[Result "0-1"]
[WhiteElo "1961"]
[BlackElo "2322"]
[PlyCount "58"]
[SourceDate "2017.09.01"]

1. d4 Nf6 2. c4 g6 3. Nc3 d5 4. Nf3 Bg7 5. g3 O-O 6. Bg2 dxc4 7. O-O Nbd7 8. e4
c6 9. a4 a5 10. Qe2 Nb6 11. Rd1 Bg4 12. h3 Bxf3 13. Bxf3 e5 14. dxe5 Nfd7 15.
Bg4 Bxe5 16. Bh6 Re8 17. Rxd7 Nxd7 18. Rd1 Re7 19. Qd2 Qc7 20. f4 Bg7 21. Bxg7
Kxg7 22. Bxd7 Rd8 23. Qd4+ Kg8 24. Qxc4 Rexd7 25. Re1 Qb6+ 26. Kf1 Rd2 27. Re2
Qxb2 28. e5 Qc1+ 29. Re1 Qc2 0-1

[Event "2017 Alberta Open"]
[Site "?"]
[Date "2017.10.07"]
[Round "2"]
[White "McKay, Arnold"]
[Black "Rohatynski, Jordan"]
[Result "1/2-1/2"]
[WhiteElo "1826"]
[BlackElo "1608"]
[PlyCount "115"]
[SourceDate "2017.09.01"]

1. e4 e5 2. Nf3 Nf6 3. Nc3 d6 4. d4 Nbd7 5. Bc4 h6 6. O-O c6 7. Re1 Qc7 8. a4
Be7 9. h3 Nf8 10. Be3 Be6 11. Bxe6 Nxe6 12. Qd2 Nh5 13. Rad1 Nef4 14. d5 O-O
15. Nxe5 dxe5 16. d6 Bxd6 17. Qxd6 Qxd6 18. Rxd6 a6 19. Bb6 Nf6 20. a5 Rac8 21.
f3 Rfe8 22. Red1 Kh7 23. Kf2 Re6 24. Na4 Rxd6 25. Rxd6 Ne6 26. c3 g5 27. Nc5
Ne8 28. Rd7 Nxc5 29. Bxc5 Rc7 30. Rxc7 Nxc7 31. Bd6 Ne6 32. Bxe5 Kg6 33. g4 Nc5
34. Ke3 Ne6 35. Kd3 f6 36. Bd6 h5 37. Ke3 h4 38. b4 Kf7 39. f4 Ke8 40. f5 Kd7
41. Bh2 Nd8 42. Kd4 Nf7 43. Kc5 Kc8 44. Kb6 Nd8 45. Bc7 Nf7 46. c4 Nh6 47. e5
fxe5 48. Bxe5 Nf7 49. Bh2 Nh6 50. Bg1 Nf7 51. Be3 Nd6 52. Kc5 Kc7 53. Kd4 Nf7
54. c5 Kd7 55. Ke4 Kc7 56. Bd4 Kd7 57. Bf6 Kc8 58. Kd4 1/2-1/2

[Event "2017 Alberta Open"]
[Site "?"]
[Date "2017.10.07"]
[Round "2"]
[White "Zhao, Ian"]
[Black "Ng, Gary"]
[Result "0-1"]
[WhiteElo "2015"]
[BlackElo "2386"]
[PlyCount "80"]
[SourceDate "2017.09.01"]

1. e4 b6 2. d4 Bb7 3. Nc3 e6 4. Bd3 Nf6 5. Nge2 c5 6. O-O cxd4 7. Nxd4 d6 8.
Be3 Be7 9. f3 O-O 10. Nce2 Nbd7 11. Ng3 d5 12. exd5 Nxd5 13. Bf2 Nc5 14. Bb5
Qc7 15. Re1 Rfd8 16. Qc1 Nf4 17. Kh1 Rac8 18. Qe3 Nd5 19. Qd2 h6 20. Rad1 Bg5
21. Qe2 a6 22. Bc4 Nf4 23. Qf1 b5 24. Bb3 Nxb3 25. cxb3 Be7 26. Ne4 Bb4 27. Re3
e5 28. Ne2 Qc2 29. Rc1 Qxb2 30. Rb1 Qxa2 31. Ra1 Qb2 32. Rb1 Qa2 33. Ra1 Qc2
34. Rc1 Bxe4 35. Rxc2 Bxc2 36. Bg1 Rd1 37. Qf2 Be1 38. Qf1 Bh4 39. g3 Rxf1 40.
gxh4 Nxe2 0-1

[Event "2017 Alberta Open"]
[Site "?"]
[Date "2017.10.07"]
[Round "2"]
[White "Kalashyan, Hayrapet"]
[Black "Timmerman, Brian"]
[Result "0-1"]
[WhiteElo "1409"]
[BlackElo "2038"]
[PlyCount "74"]
[SourceDate "2017.09.01"]

1. d4 Nf6 2. Bf4 g6 3. Nc3 d5 4. e3 Bg7 5. Be2 O-O 6. Nb5 Na6 7. c4 c6 8. Nc3
Nc7 9. h3 Be6 10. b3 b6 11. Nf3 c5 12. O-O Bc8 13. Ne5 Bb7 14. Bf3 Ne6 15. Bh2
cxd4 16. exd4 Ng5 17. Be2 Nge4 18. Nxe4 Nxe4 19. f3 Nc3 20. Qd3 Nxe2+ 21. Qxe2
dxc4 22. bxc4 Qxd4+ 23. Kh1 Rfd8 24. Rad1 Qc5 25. Nd7 Qg5 26. Rfe1 e6 27. Qc2
Rac8 28. Qa4 Bc6 29. Qxa7 Qe7 30. Rd6 Rxd7 31. Rxd7 Qxd7 32. Qxb6 Qd4 33. c5
Qf2 34. Rd1 Bd4 35. Bg1 Qxf3 36. gxf3 Bxf3+ 37. Kh2 Be5# 0-1

[Event "2017 Alberta Open"]
[Site "?"]
[Date "2017.10.07"]
[Round "2"]
[White "Windram, James"]
[Black "Chao, Lucy"]
[Result "0-1"]
[WhiteElo "1586"]
[BlackElo "1650"]
[PlyCount "120"]
[SourceDate "2017.09.01"]

1. e4 Nf6 2. e5 Nd5 3. d4 d6 4. c4 Nb6 5. exd6 exd6 6. Nc3 Be7 7. Bd3 Nc6 8.
Nge2 Bg4 9. O-O Nxd4 10. f3 Nxe2+ 11. Qxe2 Be6 12. Rb1 O-O 13. b3 c6 14. Qe4 g6
15. Bh6 Re8 16. f4 Bf6 17. Qe1 Bxc4 18. Qd2 Bxd3 19. Qxd3 Bh8 20. f5 Qf6 21.
fxg6 Qxg6 22. Rf3 Qxh6 23. Rh3 Qf6 24. Qxh7+ Kf8 25. Rf1 Qd4+ 26. Kh1 Bf6 27.
Rhf3 Re6 28. h3 Ke7 29. g4 Rh8 30. Qf5 Qe5 31. Qxe5 Bxe5 32. Rxf7+ Ke8 33. R7f3
Bxc3 34. Rxc3 Re2 35. a4 Nd5 36. Rd3 Re3 37. Rxe3+ Nxe3 38. Rf3 Nxg4 39. Kg2
Ne5 40. Rf6 Ke7 41. Rf4 Rg8+ 42. Kh2 Rf8 43. Re4 Rf2+ 44. Kg3 Rf3+ 45. Kh4 Rxb3
46. Kg5 Rxh3 47. Rb4 Rg3+ 48. Kf5 b6 49. a5 Rg4 50. Rb3 b5 51. Rc3 Ra4 52. Rh3
Rxa5 53. Rh7+ Kd8 54. Rh6 Kc7 55. Rh7+ Kb6 56. Rh6 Nc4 57. Rh8 b4+ 58. Ke4 Ra4
59. Rb8+ Ka5 60. Ra8 a6 0-1

[Event "2017 Alberta Open"]
[Site "?"]
[Date "2017.10.07"]
[Round "2"]
[White "Gardner, Rob"]
[Black "Karmali, Hafiz"]
[Result "0-1"]
[WhiteElo "2271"]
[BlackElo "1985"]
[PlyCount "70"]
[SourceDate "2017.09.01"]

1. f4 b6 2. e4 Bb7 3. d3 e6 4. Be3 d5 5. Nd2 Nf6 6. e5 d4 7. Bf2 Nd5 8. Nh3 c5
9. Ne4 Be7 10. Be2 O-O 11. O-O Nd7 12. Qd2 f6 13. exf6 gxf6 14. Rae1 Rf7 15.
Bh5 Rg7 16. Ng3 Nf8 17. Bf3 Qd7 18. f5 exf5 19. Nh5 Rf7 20. Bh4 Ng6 21. Bg3 Re8
22. N3f4 Ne3 23. Rf2 Ne5 24. Bxb7 Qxb7 25. Rfe2 Nxg2 26. Rxe5 Nxf4 27. Qxf4
fxe5 28. Qxe5 Ref8 29. Kf2 f4 30. Nxf4 Rxf4+ 31. Bxf4 Bh4+ 32. Ke2 Qg2+ 33. Kd1
Qf3+ 34. Re2 Qf1+ 35. Re1 Qxe1+ 0-1

[Event "2017 Alberta Open"]
[Site "?"]
[Date "2017.10.07"]
[Round "2"]
[White "Kalisvaart, Peter"]
[Black "Zeggelaar, Mike"]
[Result "1-0"]
[WhiteElo "2048"]
[BlackElo "1938"]
[PlyCount "89"]
[SourceDate "2017.09.01"]

1. d4 Nf6 2. Bg5 c5 3. Nc3 cxd4 4. Qxd4 Nc6 5. Qh4 e6 6. e4 Bb4 7. Nge2 O-O 8.
Bxf6 Qxf6 9. Qxf6 gxf6 10. g3 Ne7 11. Bh3 d5 12. O-O-O b6 13. exd5 Bb7 14. Bg2
Rfd8 15. a3 Bxc3 16. Nxc3 Nxd5 17. Nxd5 Bxd5 18. Bxd5 Rxd5 19. Rxd5 exd5 20.
Kd2 Re8 21. Kd3 Kg7 22. f4 h5 23. Rf1 f5 24. Rc1 b5 25. Kd4 Re2 26. Kxd5 Rxh2
27. b3 Rg2 28. c4 bxc4 29. bxc4 Rxg3 30. c5 Rd3+ 31. Ke5 Rxa3 32. c6 Re3+ 33.
Kxf5 Re8 34. c7 Rc8 35. Ke5 f6+ 36. Ke6 Kg6 37. Rg1+ Kh6 38. Kd7 Rxc7+ 39. Kxc7
h4 40. Kd6 Kh5 41. Ke6 h3 42. Kxf6 Kh4 43. Ke5 h2 44. Ra1 a5 45. f5 1-0

[Event "2017 Alberta Open"]
[Site "?"]
[Date "2017.10.07"]
[Round "2"]
[White "Berensinski, Piotr"]
[Black "Malek, Omid"]
[Result "1/2-1/2"]
[WhiteElo "1838"]
[BlackElo "2146"]
[PlyCount "117"]
[SourceDate "2017.09.01"]

1. e4 e6 2. d3 d5 3. Nd2 c5 4. Ngf3 Nc6 5. c3 Bd6 6. Be2 Nge7 7. O-O O-O 8. Re1
f6 9. Qc2 Rb8 10. a3 b5 11. b4 c4 12. d4 Bd7 13. exd5 exd5 14. Bf1 Qe8 15. g3
Bf5 16. Qd1 g5 17. Bg2 Qd7 18. h4 h6 19. Nf1 Bc7 20. Ne3 Bg6 21. Bd2 Rbe8 22.
a4 a6 23. axb5 axb5 24. Nc2 Nc8 25. Rxe8 Rxe8 26. Ra8 N6a7 27. Be3 Be4 28. hxg5
hxg5 29. Nce1 Bd8 30. Bxg5 fxg5 31. Ne5 Qh7 32. Bxe4 dxe4 33. Qg4 Bf6 34. Ng2
Bxe5 35. dxe5 Qg7 36. Qxe4 Qxe5 37. Qg6+ Kf8 38. Ne3 Re6 39. Qh7 Qg7 40. Qf5+
Qf6 41. Qc5+ Qe7 42. Rxc8+ Nxc8 43. Qxc8+ Kf7 44. Qh8 Rxe3 45. Qh7+ Kf6 46.
Qh6+ Kf5 47. Qh3+ Kg6 48. fxe3 Qxe3+ 49. Kh2 Qxc3 50. Qe6+ Qf6 51. Qe8+ Kh6 52.
Qxb5 Qe6 53. Qc5 Qe2+ 54. Kh3 Kh5 55. Qf5 Qd3 56. Qf7+ Kh6 57. Qe6+ Kh5 58.
Qg4+ Kh6 59. Qe6+ 1/2-1/2

[Event "2017 Alberta Open"]
[Site "?"]
[Date "2017.10.07"]
[Round "2"]
[White "Lau, Julian"]
[Black "Sharma, Vishruth"]
[Result "0-1"]
[WhiteElo "1536"]
[BlackElo "1680"]
[PlyCount "68"]
[SourceDate "2017.09.01"]

1. e4 e5 2. Nf3 Nc6 3. Nc3 Bc5 4. Nxe5 Nxe5 5. d4 Bd6 6. dxe5 Bxe5 7. Bc4 Bxc3+
8. bxc3 d6 9. O-O Ne7 10. Be3 Be6 11. Bd3 O-O 12. f4 f5 13. Qf3 c6 14. Qg3 fxe4
15. Bxe4 Nf5 16. Bxf5 Bxf5 17. Rf2 c5 18. Rd2 Qf6 19. Bf2 b6 20. Rad1 Rad8 21.
Be1 Qe6 22. a3 d5 23. h3 Be4 24. Qe3 Qf5 25. Bh4 Rde8 26. Rf1 Bxg2 27. Qxe8
Rxe8 28. Kxg2 Re3 29. Rfd1 Qxh3+ 30. Kg1 Qxh4 31. Rh2 Rg3+ 32. Kh1 Qxf4 33. Rg1
Qe4+ 34. Rhg2 Rh3# 0-1

[Event "2017 Alberta Open"]
[Site "?"]
[Date "2017.10.07"]
[Round "2"]
[White "Villavieja, Butch"]
[Black "Daniluk, Jim"]
[Result "1/2-1/2"]
[WhiteElo "2185"]
[BlackElo "1950"]
[PlyCount "113"]
[SourceDate "2017.09.01"]

1. e4 c5 2. Nf3 Nc6 3. Bb5 g6 4. Bxc6 dxc6 5. h3 Bg7 6. d3 Nf6 7. Nc3 Nd7 8.
O-O e5 9. Be3 Qe7 10. Qd2 Nf8 11. Ne2 Ne6 12. c3 O-O 13. Bh6 Rd8 14. Bxg7 Kxg7
15. Qe3 f6 16. Nh2 Nf4 17. Nxf4 exf4 18. Qxf4 Rxd3 19. Rad1 g5 20. Qc1 Rxd1 21.
Rxd1 Be6 22. f4 h6 23. b3 Rd8 24. Re1 Qd6 25. e5 Qd2 26. exf6+ Kxf6 27. fxg5+
hxg5 28. Nf3 Qxc1 29. Rxc1 g4 30. hxg4 Bxg4 31. Rc2 a5 32. Rd2 Rd5 33. Rf2 Rd1+
34. Kh2 Rc1 35. Nd2+ Kg6 36. Ne4 c4 37. bxc4 a4 38. Rf6+ Kg7 39. Rf4 Be2 40. c5
a3 41. Nd6 Rxc3 42. Nxb7 Bc4 43. Rf2 Bd5 44. Re2 Rc4 45. Nd6 Rxc5 46. Nf5+ Kf6
47. Ne3 Be6 48. Rc2 Rxc2 49. Nxc2 Bxa2 50. Nxa3 Ke5 51. Nc2 c5 52. Kg1 Ke4 53.
Kf2 Bb3 54. Ne3 Kd3 55. Kf3 Kd2 56. Kf4 Ke2 57. g4 1/2-1/2

[Event "2017 Alberta Open"]
[Site "?"]
[Date "2017.10.07"]
[Round "2"]
[White "Mo, Michelle"]
[Black "Schocat, Eric"]
[Result "1-0"]
[WhiteElo "1520"]
[BlackElo "1868"]
[PlyCount "77"]
[SourceDate "2017.09.01"]

1. e4 c5 2. Nf3 g6 3. d4 cxd4 4. Nxd4 Bg7 5. c4 Nc6 6. Be3 d6 7. Nc3 Nf6 8. Be2
O-O 9. O-O Bd7 10. Qd2 Nxd4 11. Bxd4 Bc6 12. Qc2 a5 13. Rad1 Nd7 14. Bxg7 Kxg7
15. Nd5 Bxd5 16. Rxd5 Kg8 17. Rfd1 Qc7 18. Qc3 Nf6 19. R5d3 Nxe4 20. Qd4 Nf6
21. Rg3 Qc5 22. Qh4 Kg7 23. Rg5 Qc7 24. Qd4 h6 25. Rb5 Kh7 26. Rd3 a4 27. Bf3
Rfb8 28. Bd5 Ra5 29. Bxf7 Rxb5 30. cxb5 Qa5 31. Re3 Rc8 32. h3 Rc1+ 33. Kh2 Qc7
34. Qd3 d5+ 35. Rg3 Ne4 36. Bxg6+ Kh8 37. Bxe4 dxe4 38. Qxe4 Qb8 39. Qxe7 1-0

[Event "2017 Alberta Open"]
[Site "?"]
[Date "2017.10.07"]
[Round "2"]
[White "Robertson, Trevor"]
[Black "Ratte, Cameron"]
[Result "1-0"]
[WhiteElo "1631"]
[BlackElo "1666"]
[PlyCount "95"]
[SourceDate "2017.09.01"]

1. d4 Nf6 2. c4 g6 3. Nf3 Bg7 4. Nc3 O-O 5. e4 d6 6. Bd3 Bg4 7. d5 Nfd7 8. h3
Bxf3 9. Qxf3 Bxc3+ 10. bxc3 Ne5 11. Qe2 Nxd3+ 12. Qxd3 e5 13. Bh6 Re8 14. O-O
Nd7 15. Rab1 Nc5 16. Qe3 Qe7 17. f3 f6 18. h4 b6 19. Rb2 Qd7 20. Qd2 Re7 21.
Be3 Nb7 22. g4 Rae8 23. Rf2 Rf7 24. Rg2 Qc8 25. Qc2 a5 26. a4 Qd7 27. Rb5 Ree7
28. Qa2 Nd8 29. Rbb2 Kh8 30. Kh2 Rf8 31. Qb3 f5 32. Bh6 Ref7 33. Bxf8 Rxf8 34.
gxf5 gxf5 35. Rbf2 Nb7 36. Qc2 Nc5 37. exf5 Qxf5 38. Qxf5 Rxf5 39. Rg4 h6 40.
Rfg2 Rf7 41. Rg8+ Kh7 42. Rc8 Nxa4 43. Rgg8 Nxc3 44. Rh8+ Kg6 45. Rce8 Kh5 46.
Re6 Kxh4 47. Rg6 Rf5 48. Rhxh6+ 1-0

[Event "2017 Alberta Open"]
[Site "?"]
[Date "2017.10.07"]
[Round "2"]
[White "Guevarra, Alvin"]
[Black "Laceste, Loren"]
[Result "0-1"]
[WhiteElo "1942"]
[BlackElo "2301"]
[PlyCount "92"]
[SourceDate "2017.09.01"]

1. d4 Nf6 2. Bf4 e6 3. e3 b6 4. c3 Bb7 5. Nf3 Be7 6. Bd3 c5 7. Nbd2 d6 8. e4
Nc6 9. Qe2 h6 10. dxc5 bxc5 11. Nc4 O-O 12. e5 dxe5 13. Ncxe5 Nxe5 14. Bxe5 Qb6
15. O-O Rfd8 16. b3 Nd7 17. Bf4 Bf6 18. Bd2 Bxf3 19. gxf3 Ne5 20. Be4 Rac8 21.
Be3 Qa5 22. c4 Nc6 23. Rad1 Bd4 24. Kh1 Ne7 25. Rg1 Kf8 26. Bb1 Ng8 27. Bxd4
cxd4 28. Qe4 Nf6 29. Qh4 Qh5 30. Qxh5 Nxh5 31. Rg4 e5 32. Re4 f6 33. Ree1 a5
34. Be4 Nf4 35. h4 Ke7 36. Rg1 g5 37. hxg5 hxg5 38. Kh2 Rh8+ 39. Kg3 Rh3+ 40.
Kg4 Rch8 41. Kf5 R8h5 42. Rg4 Ne6 43. Bd5 Ng7+ 44. Kg6 Ne8 45. Rg3 Rh6+ 46. Kf5
Nd6+ 0-1

[Event "2017 Alberta Open"]
[Site "?"]
[Date "2017.10.08"]
[Round "3"]
[White "Ivey, James"]
[Black "Lau, Julian"]
[Result "0-1"]
[WhiteElo "1757"]
[BlackElo "1536"]
[PlyCount "68"]
[SourceDate "2017.09.01"]

1. e4 e5 2. Nf3 Nc6 3. d4 exd4 4. Nxd4 Bc5 5. Be3 Qf6 6. c3 b6 7. Bc4 Bb7 8.
O-O Nge7 9. Nb5 Rc8 10. b4 Ne5 11. Bxf7+ Nxf7 12. bxc5 a6 13. N5a3 Bxe4 14.
cxb6 c5 15. Qb3 Bd5 16. c4 Bb7 17. Nc3 O-O 18. Rad1 Qg6 19. Nd5 Nxd5 20. cxd5
Ne5 21. Nc4 Nxc4 22. Qxc4 Qxb6 23. Rb1 Qa7 24. Rb3 Qa8 25. d6+ Bd5 26. Qg4 Bxb3
27. axb3 Qc6 28. Qc4+ Kh8 29. Rd1 Rf6 30. Qd5 h6 31. g3 c4 32. Qxc6 Rxc6 33.
Rc1 cxb3 34. Rxc6 dxc6 0-1

[Event "2017 Alberta Open"]
[Site "?"]
[Date "2017.10.08"]
[Round "3"]
[White "Timmerman, Brian"]
[Black "Matras-Clement, Agnieszka"]
[Result "1/2-1/2"]
[WhiteElo "2038"]
[BlackElo "2308"]
[PlyCount "24"]
[SourceDate "2017.09.01"]

1. e4 e5 2. Nf3 Nc6 3. Bb5 a6 4. Ba4 Nf6 5. O-O Be7 6. Re1 b5 7. Bb3 d6 8. c3
O-O 9. h3 Bb7 10. d4 Re8 11. Nbd2 Bf8 12. a3 h6 1/2-1/2

[Event "2017 Alberta Open"]
[Site "?"]
[Date "2017.10.08"]
[Round "3"]
[White "Darvekar, Yash"]
[Black "Wong, Joe"]
[Result "1-0"]
[WhiteElo "1398"]
[BlackElo "1469"]
[PlyCount "27"]
[SourceDate "2017.09.01"]

1. e4 c6 2. d4 d5 3. e5 c5 4. c3 Nc6 5. Nf3 Bg4 6. Be2 e6 7. Be3 Nge7 8. h3 Bh5
9. Bf4 Bg6 10. dxc5 b6 11. Bb5 bxc5 12. Bg5 Qc7 13. Qa4 h6 14. Bxe7 1-0

[Event "2017 Alberta Open"]
[Site "?"]
[Date "2017.10.07"]
[Round "2"]
[White "Daniluk, Jim"]
[Black "Beresinski, Piotr"]
[Result "1-0"]
[WhiteElo "1950"]
[BlackElo "1838"]
[PlyCount "57"]
[SourceDate "2017.09.01"]

1. d4 d6 2. Nf3 c6 3. c3 Nf6 4. Bf4 Bg4 5. Qc2 Nbd7 6. Nbd2 Qa5 7. e4 Bxf3 8.
Nxf3 e5 9. b4 Qc7 10. Bg3 Be7 11. Bd3 O-O 12. Qd2 h6 13. Nh4 Rfe8 14. O-O Nh5
15. Nf5 Bg5 16. Qd1 Nxg3 17. hxg3 d5 18. f4 exf4 19. e5 fxg3 20. Qh5 Nf8 21.
Rf3 Ne6 22. Raf1 Rf8 23. Nd6 g6 24. Bxg6 fxg6 25. Qxg6+ Ng7 26. Rf7 Be3+ 27.
Kh1 Rxf7 28. Rxf7 Rf8 29. Qxg7# 1-0

[Event "2017 Alberta Open"]
[Site "?"]
[Date "2017.10.07"]
[Round "2"]
[White "Haessel, Dale"]
[Black "Kalisvaart, Peter"]
[Result "1-0"]
[WhiteElo "2322"]
[BlackElo "2048"]
[PlyCount "57"]
[SourceDate "2017.09.01"]

1. d4 d5 2. c4 Nc6 3. Nc3 Nf6 4. Nf3 e6 5. Bg5 Be7 6. e3 h6 7. Bf4 O-O 8. a3 a6
9. Qc2 dxc4 10. Bxc4 Nd5 11. Bg3 Nb6 12. Ba2 Bd6 13. Rd1 Qe8 14. Bb1 f5 15. O-O
e5 16. dxe5 Nxe5 17. Nxe5 Bxe5 18. Nd5 Nxd5 19. Rxd5 Bxg3 20. hxg3 c6 21. Rd4
Be6 22. g4 Rf6 23. Rf4 g6 24. gxf5 Rxf5 25. Rg4 Kh7 26. Qc3 Rg5 27. Rxg5 hxg5
28. Qf6 Kh6 29. f4 1-0

[Event "2017 Alberta Open"]
[Site "?"]
[Date "2017.10.08"]
[Round "3"]
[White "Chandra, Anand Rishi"]
[Black "MacDonald, Dean"]
[Result "1-0"]
[WhiteElo "1808"]
[BlackElo "1461"]
[PlyCount "24"]
[SourceDate "2017.09.01"]

1. e4 c5 2. Nf3 Nc6 3. c3 g6 4. d4 cxd4 5. cxd4 e6 6. Nc3 Bg7 7. Bg5 Nge7 8.
Bd3 d6 9. O-O h6 10. Be3 O-O 11. Qd2 Kh7 12. Rad1 a6 {unreadable} 1-0

[Event "2017 Alberta Open"]
[Site "?"]
[Date "2017.10.08"]
[Round "3"]
[White "Sharma, Vishruth"]
[Black "Zhao, Ian"]
[Result "0-1"]
[WhiteElo "1680"]
[BlackElo "2015"]
[PlyCount "46"]
[SourceDate "2017.09.01"]

1. e4 e5 2. Nf3 Nc6 3. Bc4 Bc5 4. b4 Bxb4 5. c3 Ba5 6. O-O Nf6 7. d4 d6 8. d5
Ne7 9. Qa4+ c6 10. dxc6 Nxc6 11. Rd1 O-O 12. Bb5 Qc7 13. Ba3 Rd8 14. Nbd2 d5
15. exd5 Nxd5 16. Ne4 Bf5 17. c4 Bxe4 18. cxd5 Bxd5 19. Nd2 a6 20. Be2 Nd4 21.
Bf1 b5 22. Rac1 bxa4 23. Rxc7 Bxc7 0-1

[Event "2017 Alberta Open"]
[Site "?"]
[Date "2017.10.08"]
[Round "3"]
[White "Wei, Daniel"]
[Black "Gardner, Rob"]
[Result "0-1"]
[WhiteElo "1799"]
[BlackElo "2271"]
[PlyCount "66"]
[SourceDate "2017.09.01"]

1. e4 g6 2. d4 Bg7 3. f4 c6 4. Nf3 d5 5. e5 Bg4 6. Bd3 e6 7. Nbd2 Ne7 8. h3
Bxf3 9. Nxf3 c5 10. c3 cxd4 11. Nxd4 Nbc6 12. Be3 h5 13. Qa4 a6 14. O-O-O b5
15. Nxc6 Nxc6 16. Qc2 Qe7 17. g4 Rc8 18. Kb1 Nb4 19. Qe2 Nxd3 20. Qxd3 Qc7 21.
f5 Qc4 22. f6 Qxd3+ 23. Rxd3 Bf8 24. g5 Bc5 25. Bxc5 Rxc5 26. Rd4 Kd7 27. Kc2
Rhc8 28. Kb3 Rc4 29. Rhd1 a5 30. Rxc4 Rxc4 31. Rd4 Kc6 32. a4 bxa4+ 33. Kc2 Kc5
0-1

[Event "2017 Alberta Open"]
[Site "?"]
[Date "2017.10.08"]
[Round "3"]
[White "Ng, Gary"]
[Black "Findlay, Ian"]
[Result "1-0"]
[WhiteElo "2386"]
[BlackElo "2220"]
[PlyCount "57"]
[SourceDate "2017.09.01"]

1. Nf3 Nf6 2. c4 e6 3. g3 d5 4. b3 Be7 5. Bb2 O-O 6. Bg2 c5 7. O-O Nc6 8. e3 b6
9. Nc3 Ba6 10. d3 Rc8 11. Qe2 Qc7 12. Rad1 Rfd8 13. Ne1 Qb8 14. Nc2 dxc4 15.
bxc4 Bb7 16. f4 a6 17. f5 e5 18. Nd5 Nxd5 19. Bxd5 Bf6 20. Qh5 Qc7 21. g4 h6
22. h4 Qe7 23. g5 hxg5 24. hxg5 Bxg5 25. Rd2 Rd6 26. Rg2 Bh6 27. f6 Rxf6 28.
Rxf6 Qxf6 29. Rg6 1-0

[Event "2017 Alberta Open"]
[Site "?"]
[Date "2017.10.08"]
[Round "3"]
[White "McKay, Arnold"]
[Black "Kalashyan, Hayrapet"]
[Result "1-0"]
[WhiteElo "1826"]
[BlackElo "1409"]
[PlyCount "61"]
[SourceDate "2017.09.01"]

1. e4 c5 2. Nf3 d6 3. d4 cxd4 4. Nxd4 Nf6 5. Nc3 a6 6. f3 Nc6 7. Be3 e6 8. Qd2
Be7 9. Be2 O-O 10. O-O-O Qc7 11. g4 Rd8 12. g5 Ne8 13. f4 d5 14. e5 b5 15. h4
Na5 16. Qd3 Nc4 17. h5 Qa5 18. Nc6 Qc7 19. Nxd8 Qxd8 20. Qd4 Nxe3 21. Qxe3 Qc7
22. Bf3 Bc5 23. Qd3 Bb7 24. Ne2 Rc8 25. Rh2 Qb6 26. Nd4 Qa5 27. Kb1 Qb6 28. Bg4
b4 29. g6 Qc7 30. gxf7+ Qxf7 31. Bxe6 1-0

[Event "2017 Alberta Open"]
[Site "?"]
[Date "2017.10.08"]
[Round "3"]
[White "Karmali, Hafiz"]
[Black "Villavieja, Butch"]
[Result "1-0"]
[WhiteElo "1985"]
[BlackElo "2185"]
[PlyCount "69"]
[SourceDate "2017.09.01"]

1. d4 Nf6 2. c4 g6 3. Nc3 Bg7 4. e4 d6 5. f4 c5 6. d5 O-O 7. Nf3 e6 8. Be2 exd5
9. exd5 Re8 10. O-O Bf5 11. Bd3 Bxd3 12. Qxd3 Nbd7 13. Bd2 Qb6 14. b3 Ng4 15.
g3 Nh6 16. Rae1 a6 17. Ne4 Nf5 18. Bc3 Nd4 19. Kg2 Re7 20. h4 Rae8 21. h5 Nf6
22. Nfg5 Nxh5 23. Bxd4 cxd4 24. f5 Qa5 25. Re2 h6 26. fxg6 f5 27. Rxf5 hxg5 28.
Qf3 Rxe4 29. Rxe4 Qd2+ 30. Kh3 g4+ 31. Qxg4 Rxe4 32. Qxe4 Qe3 33. Qh4 Bh6 34.
Qd8+ Kg7 35. Qf8+ 1-0

[Event "2017 Alberta Open"]
[Site "?"]
[Date "2017.10.08"]
[Round "3"]
[White "Laceste, Loren"]
[Black "Bertrand, Daryl"]
[Result "1/2-1/2"]
[WhiteElo "2301"]
[BlackElo "2034"]
[PlyCount "122"]
[SourceDate "2017.09.01"]

1. d4 d5 2. Nf3 Nf6 3. Bf4 Bf5 4. e3 e6 5. Nbd2 Be7 6. h3 h6 7. c4 dxc4 8. Bxc4
c5 9. Bxb8 Qxb8 10. Bb5+ Kf8 11. O-O g5 12. Ne5 cxd4 13. exd4 Qd8 14. Ndf3 Nd5
15. Bd3 Bxd3 16. Qxd3 Nf4 17. Qe3 Bf6 18. Rfe1 Kg7 19. Rad1 Qd6 20. Ng4 Be7 21.
Qb3 Qd5 22. Qxd5 Nxd5 23. Ne3 Rhd8 24. Rc1 Bb4 25. Re2 Rac8 26. Rec2 Ne7 27. a3
Bd6 28. Kf1 Rxc2 29. Rxc2 Rc8 30. Rxc8 Nxc8 31. Ke2 b5 32. d5 exd5 33. Nxd5 Ne7
34. Nxe7 Bxe7 35. Nd4 Bf6 36. Kd3 Kg6 37. b3 a6 38. a4 bxa4 39. bxa4 Bd8 40. g4
Bb6 41. f3 Kf6 42. Ke4 Bc5 43. Kd5 Bb6 44. Nc6 Bc7 45. Nb4 a5 46. Nc6 h5 47.
Nd4 hxg4 48. hxg4 Bf4 49. Nb3 Bc7 50. Nc5 Kg6 51. Kc6 Bg3 52. Nd3 f5 53. Kb6
fxg4 54. fxg4 Kf6 55. Kxa5 Ke6 56. Kb6 Kd5 57. a5 Kc4 58. Nb2+ Kc3 59. Nd1+ Kd2
60. Nb2 Kc3 61. Na4+ Kb4 1/2-1/2